Intercultural management (Record no. 383849)

MARC details
000 -LEADER
fixed length control field 00249nam a2200097Ia 4500
082 ## - DEWEY DECIMAL CLASSIFICATION NUMBER
Classification number 658 JACO
008 - FIXED-LENGTH DATA ELEMENTS--GENERAL INFORMATION
fixed length control field 210817s9999 xx 000 0 und d
100 ## - MAIN ENTRY--PERSONAL NAME
Personal name JACOB, Nina London, 2003
9 (RLIN) 93857
245 #0 - TITLE STATEMENT
Title Intercultural management
942 ## - ADDED ENTRY ELEMENTS
item type Books
Holdings
Withdrawn status Lost status Damaged status Not for loan Home library Current library Date acquired Cost, normal purchase price Total Checkouts Barcode Date last seen Price effective from item type
        DAGGAKRAAL PUBLIC LIBRARY DAGGAKRAAL PUBLIC LIBRARY 20.08.2021 315.00   33228016310953 20.08.2021 20.08.2021 Books